00538nam a2200157 a 4500008004100000050001300041100002300054245010500077260004100182300001300223350000900236490004600245650006000291650001400351710001500365060823s2005 ||||||||||||||||| || u aIBRD(08) aNicita, Alessandro10aMultilateral trade liberalization and Mexican households: the effects of the Doha development agenda aWashington, D. C.:bWorld Bankc2005 a30p.;ill a0.00 aWorld Bank policy research working papers aGLOBAL TRADE REFORMS--RESEARCH--MEXICAN HOUSEHOUSEHOLDS 0aECONOMICS aWorld Bank